00990nam a2200277 a 450000100060000000300080000600500170001400800410003102000380007203500190011004000270012904100080015608200240016410000270018824500500021526000360026530000390030149000550034050400280039565000330042365000260045683000650048294200120054799900170055995201360057656266BD-RjUL20211209080356.0161128s1976 enkab b 000 0 eng  a0713125969 :c£3.00.a0713125977 a(BD-RjUL)56390 aDLCcDLCdBD-RjULbeng aeng00a572.8223bJOP 19761 aJohn, Bernard.916742210aPopulation cytogenetics /c[by] Bernard John. aLondon :bEdward Arnold,c1976. a[4], 76 p. :bill., maps ;c22 cm.1 aInstitute of Biology's Studies in biology ; no. 70 aBibliography: p. 75-76. 0aPopulation genetics.9167423 0aCytogenetics.9167424 0aInstitute of Biology's studies in biology ;vno. 70.9134943 2ddccBK c56266d56266 00102ddc40708NFICaRUCLbRUCLcStackd1982-07-26eZeitlingerg1.95l0o572.8 JOP 1976r2016-11-28 00:00:00tC-2w2016-11-28yBK